000 00639nam a2200217 a 4500
001 46781
003 BD-RjUL
005 20211209054214.0
008 160804s1933 enk||||| |||| 001 0 eng d
035 _a(BD-RjUL)46900
040 _aBD-RjUL
_beng
_cBD-RjUL
_dBD-RjUL
041 _aeng
082 _223
_a338.542
_bDUP 1933
100 1 1 _aDurbin, E. F. M.
_9138501
245 1 0 _aPurchasing power and trade depression a critique of under-consumption theories ;
_cE. F. M.Durbin
260 _aLondon :
_bJonathan cape,
_c1933
300 _a198 p. ;
_c20 cm.
500 _aInclude index
650 _aBusiness cycles
_9142630
942 _2ddc
_cBK
999 _c46781
_d46781